000 04226cam a22005178i 4500
001 22973883
005 20250501104700.0
008 230215s2023 dcu b 001 0 eng
010 _a 2023006328
020 _a9781433838880
037 _cTB
040 _aCRL
_beng
_erda
_cCRL
_dCRL
041 _2eng
_aeng
042 _apcc
050 0 0 _aHV6556
_b.G635 2023
084 _aS55:(Y15:45).6-73 R3
_qCRL
100 1 _aGómez, Jennifer M.,
_eauthor.
_9753613
245 1 4 _aThe cultural betrayal of Black women and girls :
_ba Black feminist approach to healing from sexual abuse
260 _aWashington, USA:
_bAmerican Psychological Association,
_c2023.
263 _a2306
264 1 _c[2023]
300 _axvii, 233p. cm
336 _atext
_btxt
_2rdacontent
337 _aunmediated
_bn
_2rdamedia
338 _avolume
_bnc
_2rdacarrier
365 _b41.99
_cUSD
504 _aIncludes bibliographical references and index.
505 0 _aWhat's Racism Got to Do With It? Black Women and Girls, Sexual Abuse, and Liberation -- Black Women & Girls: Racism & Intersectional Oppression -- The 'Rape Problem' & Secondary Marginalization Against Black Women & Girls -- Cultural Betrayal Trauma Theory: Framework, Evidence, & Future Directions -- Culturally Competent Trauma Therapy: Holistic Healing -- Radical Healing in the Black Community -- Institutional Courage to Change the World -- Conclusion: What Does It All Mean? From Individual to Structural Change.
520 _a"A theoretical framework for empirically examining the impact of violence on marginalized peoples across the lifespan"--
_cProvided by publisher.
520 _a"This book provides a theoretical framework for empirically examining the impact of violence on marginalized peoples across the lifespan. With anti-Black racism uniquely impacting Black women and girls who are sexually victimized, a unifying, empirically testable framework with a critical race perspective to examine Black women and girls' experiences of sexual violence is warranted. Dr. Jennifer M. Gómez created cultural betrayal trauma theory (CBTT) to expand the limiting assumption in the dominant theoretical and methodological literature on the impact of violence that traumas, such as rape, are solely interpersonal. In CBTT, Dr. Gómez builds on Black feminist scholarship, ethnic minority trauma psychology, and betrayal trauma theory to provide a theoretical framework for examining the impact of violence on marginalized peoples across the lifespan.The Cultural Betrayal of Black Women and Girls is the first book to use the CBTT research to contribute to academic and national discussions regarding anti-Black racism and sexual abuse. Using CBTT as a foundation, this book incorporates transdisciplinary scholarship on racism, intersectional oppression and intersectionality, sexual abuse against Black women and girls, cultural competency and critical consciousness in therapy, and healing in the community into a single resource for understanding and addressing oppression and sexual abuse on individual, institutional, and societal levels"--
_cProvided by publisher.
650 0 _aSexual abuse victims
_xPsychology.
_9753614
650 0 _aAfrican American women
_xViolence against.
_9753615
650 0 _aWomen, Black
_xViolence against.
_9753616
650 0 _aRape culture.
_9753617
650 0 _aMen, Black
_xPsychology.
_9753618
650 0 _aPsychic trauma
_xTreatment.
_9753619
650 0 _aRacism
_xPsychological aspects.
_9753620
650 0 _aFeminist theory.
650 7 _aPSYCHOLOGY / Psychopathology / Post-Traumatic Stress Disorder (PTSD)
_2bisacsh
_9752872
650 7 _aSOCIAL SCIENCE / Gender Studies
_2bisacsh
_9753077
776 0 8 _iOnline version:
_aGómez, Jennifer M.
_tCultural betrayal of Black women and girls
_dWashington, DC : American Psychological Association, [2023]
_z9781433838897
_w(DLC) 2023006329
906 _a7
_bcbc
_corignew
_d1
_eecip
_f20
_gy-gencatlg
942 _2CC
_cTB
_hS55:(Y15:45).6-73 R3
_n0
999 _c1309858
_d1309858